|
|
|
|
| LEADER |
00912nam a2200241 a 4500 |
| 001 |
GR-MES94 |
| 008 |
991111s1988 xxk 000 b eng d |
| 020 |
|
|
|a 0632012846
|
| 040 |
|
|
|a GrPaTEI
|b gre
|c GR-PaULI
|
| 245 |
0 |
4 |
|a The invertebrates :
|b Α new synthesis.
|
| 260 |
|
|
|a Oxford :
|b Blackwell,
|c 1988
|
| 300 |
|
|
|a vii,582σελ. :
|b εικ.,πιν.
|
| 500 |
|
|
|a Περέχει βιβλιογραφικές αναγραφές
|
| 650 |
|
0 |
|a Aσπόνδυλα-Ζωολογία
|
| 650 |
|
4 |
|a Ασπόνδυλα-Βιολογία
|
| 700 |
1 |
|
|a Barnes, R.S K.
|
| 700 |
1 |
|
|a Calow, P.
|
| 700 |
1 |
|
|a Golding, D. W.
|
| 700 |
1 |
|
|a Olive, P.J W.
|
| 942 |
|
|
|2 ddc
|
| 952 |
|
|
|0 0
|1 0
|2 ddc
|4 0
|6 597_000000000000000_BAR
|7 0
|9 263362
|a MSLG
|b MSLG
|c BSC
|d 2021-01-17
|e 24
|f 0
|g 0.00
|l 0
|o 597 BAR
|p 2420000000794
|r 2021-01-17 00:00:00
|t 1
|w 2021-01-17
|y BK15
|x 19991111 0 1
|x GrPaTEI
|
| 971 |
|
|
|a .b25711350
|b 15-04-20
|c 13-09-16
|
| 999 |
|
|
|c 151584
|d 151584
|